[Event "19th Russian Team Championship"]
[Site "Sochi (Loo)"]
[Date "2012.04.13"]
[Round "5"]
[White "Pogosian, Georgy"]
[Black "Sanzhaev, Darsen"]
[Result "1-0"]
[WhiteElo "2201"]
[BlackElo "2282"]
[PlyCount "157"]
[EventDate "2012.04.09"]

1. d4 Nf6 2. c4 e6 3. Nc3 Bb4 4. e3 O-O 5. Nge2 d5 6. a3 Bd6 7. c5 Be7 8. b4 b6
9. Nf4 a5 10. Bb2 c6 11. Be2 Nbd7 12. O-O Qc7 13. Qc2 Ba6 14. Rfc1 Bxe2 15.
Qxe2 Rfb8 16. Nd3 Bf8 17. f4 Qb7 18. h3 g6 19. Qc2 Rc8 20. Ne5 Rab8 21. Rab1
Bg7 22. Ba1 bxc5 23. bxc5 Qa6 24. Qd3 Qxd3 25. Nxd3 Ne4 26. Nxe4 dxe4 27. Ne5
Bxe5 28. fxe5 a4 29. Bc3 f6 30. Ba5 fxe5 31. dxe5 Ra8 32. Rb7 Nf8 33. Bc7 g5
34. Bd6 Rd8 35. Rcb1 Re8 36. R1b6 Rec8 37. Re7 Ng6 38. Rxe6 Re8 39. Rxe8+ Rxe8
40. Rxc6 Nxe5 41. Ra6 Nc4 42. Kf2 Nxa3 43. Rxa4 Nb5 44. Ra5 Nxd6 45. cxd6 h6
46. Ra4 Rd8 47. Rd4 Rd7 48. Kg3 Kf7 49. h4 Kf6 50. hxg5+ hxg5 51. Kg4 Kg6 52.
Rxe4 Rxd6 53. Re5 Kh6 54. Rxg5 Rd2 55. g3 Re2 56. Re5 Kg6 57. Kf3 Re1 58. Kg4
Kf6 59. Rf5+ Kg6 60. Rf3 Ra1 61. e4 Re1 62. Kf4 Kf6 63. g4 Rg1 64. Rf2 Re1 65.
g5+ Kg6 66. Ke5 Kxg5 67. Rg2+ Kh6 68. Kf6 Rf1+ 69. Ke6 Kh5 70. e5 Re1 71. Kf6
Rf1+ 72. Ke7 Kh6 73. e6 Re1 74. Kf7 Rf1+ 75. Ke8 Re1 76. e7 Rd1 77. Rg4 Kh5 78.
Rf4 Kg5 79. Rf2 1-0